MANAGERIAL ECONOMICS: CONCEPTS & CASES (Record no. 9864)

MARC details
000 -LEADER
fixed length control field 00787nam a22001577a 4500
003 - CONTROL NUMBER IDENTIFIER
control field SGT
020 ## - INTERNATIONAL STANDARD BOOK NUMBER
International Standard Book Number 9780070965188
082 ## - DEWEY DECIMAL CLASSIFICATION NUMBER
Classification number 658.15,MOT
100 ## - MAIN ENTRY--PERSONAL NAME
Personal name MOTE,V.L
245 ## - TITLE STATEMENT
Title MANAGERIAL ECONOMICS: CONCEPTS & CASES
250 ## - EDITION STATEMENT
Edition statement 1ST
260 ## - PUBLICATION, DISTRIBUTION, ETC. (IMPRINT)
Place of publication, distribution, etc NEW DELHI
Name of publisher, distributor, etc TMH
650 ## - SUBJECT ADDED ENTRY--TOPICAL TERM
Topical term or geographic name as entry element MANAGERIAL ECONOMICS
653 ## - KEYWORDS--INDEX TERM
Keyword term CHAPTER 1. INTRODUCTION CHAPTER 2. DEMAND ANALYSIS AND FORECASTING CHAPTER 3. PRODUCTION AND COST ANALYSIS CHAPTER 4. PRICING CHAPTER 5. OPTIMIZATION: A LINEAR PROGRAMMING APPROACH CHAPTER 6. INTRODUCTION TO CAPITAL BUDGETING CHAPTER 7. CASES IN DEMAND ANALYSIS AND FORECASTING CHAPTER 8. CASES IN PRODUCTION AND COST ANALYSIS CHAPTER 9. CASES IN PRICING CHAPTER 10. CASES IN LINEAR PROGRAMMING CHAPTER 11. CASES IN CAPITAL BUDGETING INDEX OF CASES
942 ## - ADDED ENTRY ELEMENTS (KOHA)
Source of classification or shelving scheme Dewey Decimal Classification
Koha item type FCM Books
942 ## - ADDED ENTRY ELEMENTS (KOHA)
-- 8
Holdings
Withdrawn status Lost status Source of classification or shelving scheme Damaged status Not for loan Collection code Home library Current library Shelving location Date acquired Vendor Name Cost, normal purchase price SGTU Bill Number Total Checkouts Full call number Accession No. (Barcode) Date last seen Date last borrowed Bill Date Koha item type
    Dewey Decimal Classification     COMMERCE MANAGEMENT SGT Science & Social Sciences Library SGT Science & Social Sciences Library Text Book 06/09/2016 SPARSH BOOK GALLERY 585.00 SGTU 62 1 658.15,MOT CM2436 03/10/2022 20/09/2022 28/08/2016 FCM Books
    Dewey Decimal Classification     COMMERCE MANAGEMENT SGT Science & Social Sciences Library SGT Science & Social Sciences Library Text Book 06/09/2016 SPARSH BOOK GALLERY 585.00 SGTU 62 5 658.15,MOT CM2437 22/01/2025 10/01/2025 28/08/2016 FCM Books
    Dewey Decimal Classification     COMMERCE MANAGEMENT SGT Science & Social Sciences Library SGT Science & Social Sciences Library Text Book 06/09/2016 SPARSH BOOK GALLERY 585.00 SGTU 62 2 658.15,MOT CM2438 21/02/2025 03/01/2025 28/08/2016 FCM Books
    Dewey Decimal Classification     COMMERCE MANAGEMENT SGT Science & Social Sciences Library SGT Science & Social Sciences Library Text Book 06/09/2016 SPARSH BOOK GALLERY 585.00 SGTU 62 1 658.15,MOT CM2439 08/01/2025 30/12/2024 28/08/2016 FCM Books
    Dewey Decimal Classification   Not For Loan COMMERCE MANAGEMENT SGT Science & Social Sciences Library SGT Science & Social Sciences Library Reference Book 06/09/2016 SPARSH BOOK GALLERY 585.00 SGTU 62   658.15,MOT CM2440 06/09/2016   28/08/2016 FCM Books